01389nam a22002777a 4500001000200000003000900002005001700011007000200028008003300030020001800063040002200081082002200103100003500125245008900160260004000249300003900289500007400328506040700402650003800809650004300847650006300890651005600953651005801009700002801067830001601095 DO-SdBNP20210428105210.0 160902b 2008 dr a | 00| 0 spa d a9789945130966 aBPMSUbspacBPMSU 4a332.46bS714d2221 aSención, César Augusto d 10a Declíve de la hegemonía de los Estados Unidos /c César Augusto Sención b  aSanto Domingo : bMediabyte, c2008 a117 p. : bils., gráfs.c23 cm.  aIncluye referencias bibliográficas y notas al pie de las páginas  eCubanos en Estados Unidos$v Videodiscos digitales. Administración de justicia$z Estados Unidos$v Videodiscos digitales. aEstados Unidos$x Imperialismo. aEstados Unidos$x Relaciones exteriores. Kotz, David. $tInflación, depresión y la clase obrera en Estados Unidos. Colombia$x Relaciones exteriores$z Estados Unidos $y 1930-1940. Estados Unidos$x Relaciones exteriores$z Colombia $y 1930-1940. 4aMacroeconomía zEstados Unidos  4aPolítica monetaria zEstados Unidos  4aCapitalismo zEstados Unidos2 3 4 6 8 b c d e v  4aEstados Unidos xPolítica económica ySiglo XXI 4aEstados Unidos xCondiciones económicas ySiglo XXI10aTrincado, Estrellaetr. 0aPensamiento